| 000 | 00644nam a2200193 a 4500 | ||
|---|---|---|---|
| 001 | 000029177 | ||
| 005 | 20200930055358.0 | ||
| 008 | 110414s2008 sp 000 0 spa d | ||
| 020 | _a9788461219117 | ||
| 040 |
_aDO-SdBNP _bspa _cBNPHU |
||
| 082 |
_axxxx _bG643m, 2008 |
||
| 100 | 1 |
_aGonzález, Carlos _956098 |
|
| 245 | 1 | 0 |
_aManual práctico de lactancia materna / _cCarlos González ; prólogo Adolfo Gómez Papí. |
| 250 | _a2a ed. | ||
| 260 |
_aBarcelona : _bAsociación Catalana Pro Latancia Materna _eRepública Dominicana _fAmigo del Hogar _c2008. |
||
| 300 |
_a153 p. ; _c22 cm. |
||
| 504 | _aBibliografía : p.152-153 | ||
| 049 | _aBNPD | ||
| 999 |
_c28669 _d28669 |
||